[Event "Hessen-ch op-B"]
[Site "Floersheim"]
[Date "2016.05.06"]
[Round "3"]
[White "Polak, Elias"]
[Black "Bethke, Robert"]
[Result "1-0"]
[WhiteElo "1849"]
[BlackElo "1713"]
[PlyCount "79"]
[EventDate "2016.05.05"]
[EventType "swiss"]
[EventRounds "7"]
[EventCountry "GER"]
[SourceTitle "EXT 2022"]
[Source "ChessBase"]
[SourceDate "2021.10.06"]
[SourceVersion "1"]
[SourceVersionDate "2021.10.06"]
[SourceQuality "1"]

1. e4 e5 2. Nf3 Nf6 3. Nc3 Nc6 4. Bb5 Nd4 5. Bc4 Bd6 6. d3 Nxf3+ 7. Qxf3 0-0 8. Bg5 Be7 9. 0-0-0 h6 10. Be3 c6 11. h3 b5 12. Bb3 a5 13. a4 b4 14. Ne2 d6 15. Ng3 Be6 16. Nf5 Kh8 17. g4 Nh7 18. Qg3 Bg5 19. f4 exf4 20. Bxf4 Bxb3 21. cxb3 d5 22. Kb1 Bxf4 23. Qxf4 Qf6 24. e5 Qg5 25. Qg3 Rfe8 26. h4 Qd8 27. g5 h5 28. g6 fxg6 29. Qxg6 Qd7 30. Nd6 Re7 31. Rdf1 Kg8 32. Qxh5 Rf8 33. d4 Rxf1+ 34. Rxf1 Qh3 35. Rf3 Qh1+ 36. Ka2 Qg1 37. Rf7 Re6 38. Rc7 Qf2 39. Qg4 Rxd6 40. Qxg7# 1-0

[Event "Karl Mala Memorial op-A 17th"]
[Site "Frankfurt"]
[Date "2014.08.02"]
[Round "5"]
[White "Posniak, Oliver"]
[Black "Polak, Elias"]
[Result "1-0"]
[WhiteElo "1504"]
[BlackElo "1817"]
[PlyCount "53"]
[EventDate "2014.07.31"]
[EventType "swiss"]
[EventRounds "7"]
[EventCountry "GER"]
[SourceTitle "EXT 2015"]
[Source "ChessBase"]
[SourceDate "2014.11.20"]
[SourceVersion "1"]
[SourceVersionDate "2014.11.20"]
[SourceQuality "1"]

1. c4 Nf6 2. Nc3 e6 3. g3 d5 4. cxd5 exd5 5. Bg2 Be7 6. d3 0-0 7. Nf3 c5 8. 0-0 Nc6 9. a3 Rb8 10. Qc2 b5 11. Rb1 d4 12. Na2 Be6 13. b4 Bxa2 14. Qxa2 cxb4 15. axb4 Bxb4 16. Nxd4 Qxd4 17. Bxc6 a5 18. Bf4 Rbc8 19. Bxb5 Nd5 20. Bd2 Bxd2 21. Qxd2 Nc3 22. Rb2 Qe5 23. Bc4 Rfd8 24. Qe3 Qf6 25. Rb7 Rf8 26. Re1 Rce8 27. Rxf7 1-0

[Event "Karl Mala Memorial op-A 17th"]
[Site "Frankfurt"]
[Date "2014.08.01"]
[Round "2"]
[White "Polak, Elias"]
[Black "Flach, Erich"]
[Result "0-1"]
[WhiteElo "1817"]
[BlackElo "2147"]
[PlyCount "66"]
[EventDate "2014.07.31"]
[EventType "swiss"]
[EventRounds "7"]
[EventCountry "GER"]
[SourceTitle "EXT 2015"]
[Source "ChessBase"]
[SourceDate "2014.11.20"]
[SourceVersion "1"]
[SourceVersionDate "2014.11.20"]
[SourceQuality "1"]

1. e4 c5 2. Nf3 e6 3. d4 cxd4 4. Nxd4 a6 5. Nc3 Qc7 6. Be2 Nf6 7. 0-0 Nc6 8. Be3 Bb4 9. Nxc6 bxc6 10. Qd4 Be7 11. Na4 Rb8 12. c4 Bd6 13. g3 h5 14. c5 Be5 15. Qd3 Rb4 16. Nb6 Rxe4 17. a3 h4 18. f4 hxg3 19. hxg3 d5 20. Nxc8 Qxc8 21. fxe5 Qb8 22. Bd4 Nd7 23. Bf3 Nxe5 24. Bxe5 Rxe5 25. Rf2 Rg5 26. g4 Qg3+ 27. Rg2 Qh4 28. Rf1 Re5 29. Be2 Qg5 30. Qf3 f6 31. Qf4 Qh4 32. Bf3 Re1 33. Rg3 Qh2# 0-1

[Event "GER-chT U20"]
[Site "Osnabrueck"]
[Date "2012.12.29"]
[Round "5.6"]
[White "Polak, Elias"]
[Black "Spielberger, Moritz"]
[Result "1/2-1/2"]
[WhiteElo "1749"]
[BlackElo "1521"]
[PlyCount "141"]
[EventDate "2012.12.27"]
[EventType "team-swiss"]
[EventRounds "7"]
[EventCountry "GER"]
[SourceTitle "EXT 2014"]
[Source "ChessBase"]
[SourceDate "2013.11.20"]
[SourceVersion "1"]
[SourceVersionDate "2013.11.20"]
[SourceQuality "1"]
[WhiteTeam "Frankfurt 1860"]
[BlackTeam "Heidesheim"]
[WhiteTeamCountry "GER"]
[BlackTeamCountry "GER"]

1. e4 e6 2. d4 d5 3. exd5 exd5 4. Bd3 Nc6 5. Ne2 Bg4 6. h3 Qh4 7. Be3 Bd6 8. Nbc3 Nge7 9. Qd2 Nb4 10. Bb5+ c6 11. Ba4 Be6 12. a3 Na6 13. 0-0-0 0-0-0 14. Bg5 Qh5 15. g4 Qg6 16. f4 f6 17. Bh4 Qf7 18. f5 Bd7 19. Rhf1 Rde8 20. Bb3 h5 21. Ne4 Bc7 22. Bg3 Nxf5 23. Bxc7 Rxe4 24. gxf5 Nxc7 25. Nc3 Re7 26. Qg2 Rhe8 27. Rf4 Qf8 28. Qg6 Qf7 29. Qg2 Re1 30. Rxe1 Rxe1+ 31. Kd2 Re8 32. Rf2 Re7 33. a4 Ne8 34. Qg3 Nc7 35. Qf4 g5 36. Qf3 Ne8 37. Qg3 h4 38. Qh2 Qh7 39. Nd1 Bxf5 40. Ne3 Bg6 41. c4 dxc4 42. Nxc4 Rd7 43. Kc3 Bf7 44. Bc2 Qg8 45. Ne3 Be6 46. Nf5 Qf7 47. Re2 c5 48. dxc5 Rd5 49. Bb3 Rxc5+ 50. Kb4 Rc6 51. Bxe6+ Rxe6 52. Rc2+ Rc6 53. Rxc6+ bxc6 54. Qe2 Qb7+ 55. Ka3 Qd7 56. Qa6+ Kb8 57. Qa5 Qd3+ 58. b3 Nc7 59. Qb4+ Kc8 60. Qg4 Kb7 61. Qb4+ Nb5+ 62. axb5 Qxf5 63. bxc6+ Kxc6 64. Qa4+ Qb5 65. Qe4+ Kb6 66. Qe6+ Qc6 67. Qg8 Qd6+ 68. Kb2 Ka5 69. Qc4 Qe5+ 70. Ka2 Qh2+ 71. Kb1 1/2-1/2

[Event "GER-chT U20"]
[Site "Osnabrueck"]
[Date "2012.12.28"]
[Round "4.6"]
[White "Weidmann, Kevin"]
[Black "Polak, Elias"]
[Result "1-0"]
[WhiteElo "1710"]
[BlackElo "1749"]
[PlyCount "83"]
[EventDate "2012.12.27"]
[EventType "team-swiss"]
[EventRounds "7"]
[EventCountry "GER"]
[SourceTitle "EXT 2014"]
[Source "ChessBase"]
[SourceDate "2013.11.20"]
[SourceVersion "1"]
[SourceVersionDate "2013.11.20"]
[SourceQuality "1"]
[WhiteTeam "Hamburger SK"]
[BlackTeam "Frankfurt 1860"]
[WhiteTeamCountry "GER"]
[BlackTeamCountry "GER"]

1. e4 e5 2. Nf3 Nf6 3. Nxe5 d6 4. Nf3 Nxe4 5. Nc3 Nxc3 6. dxc3 Be7 7. Be3 Bg4 8. h3 Bxf3 9. Qxf3 Nc6 10. 0-0-0 0-0 11. h4 Ne5 12. Qe2 Qd7 13. f3 Qe6 14. Kb1 f5 15. Qb5 c6 16. Qxb7 Rab8 17. Qa6 Bf6 18. Bd4 Rfe8 19. f4 Ng4 20. Qxc6 Rec8 21. Qf3 Bxd4 22. Rxd4 Qe1+ 23. Rd1 Qf2 24. Rxd6 Qxf3 25. gxf3 Ne3 26. Kc1 Rc5 27. Re6 Nc4 28. b3 Nb6 29. c4 Kf7 30. Re5 Rxe5 31. fxe5 f4 32. Bh3 Re8 33. Re1 h6 34. Re4 g5 35. c3 Kg6 36. hxg5 hxg5 37. a4 a5 38. Bg4 Re7 39. e6 Kf6 40. Kd2 Nc8 41. Rd4 Nb6 42. Rd6 1-0

[Event "GER-chT U20"]
[Site "Osnabrueck"]
[Date "2012.12.27"]
[Round "1.6"]
[White "Wunder, Anton"]
[Black "Polak, Elias"]
[Result "0-1"]
[WhiteElo "1419"]
[BlackElo "1749"]
[PlyCount "58"]
[EventDate "2012.12.27"]
[EventType "team-swiss"]
[EventRounds "7"]
[EventCountry "GER"]
[SourceTitle "EXT 2014"]
[Source "ChessBase"]
[SourceDate "2013.11.20"]
[SourceVersion "1"]
[SourceVersionDate "2013.11.20"]
[SourceQuality "1"]
[WhiteTeam "Heilbronn"]
[BlackTeam "Frankfurt 1860"]
[WhiteTeamCountry "GER"]
[BlackTeamCountry "GER"]

1. d4 Nf6 2. c4 e5 3. dxe5 Ng4 4. Nf3 Bc5 5. e3 Nc6 6. Nc3 Ngxe5 7. Nxe5 Nxe5 8. Be2 d6 9. b3 0-0 10. 0-0 Qh4 11. Bf3 Qf6 12. Ne4 Nxf3+ 13. Qxf3 Qxa1 14. Bd2 Qe5 15. Bc3 Qf5 16. Qg3 Qg4 17. Qxg4 Bxg4 18. b4 Bb6 19. c5 dxc5 20. bxc5 f5 21. cxb6 fxe4 22. bxc7 Rfe8 23. Rb1 b6 24. Rb5 h6 25. Be5 Bd7 26. Rd5 Bc6 27. Rd6 Rxe5 28. Rxc6 Rc8 29. Kf1 Rc5 0-1

[Event "Karl Mala Memorial op 15th"]
[Site "Frankfurt"]
[Date "2012.07.08"]
[Round "7"]
[White "Polak, Elias"]
[Black "Van Boemmel, Philipp"]
[Result "0-1"]
[WhiteElo "1868"]
[BlackElo "1721"]
[PlyCount "64"]
[EventDate "2012.07.05"]
[EventType "swiss"]
[EventRounds "7"]
[EventCountry "GER"]
[SourceTitle "CBM 149 Extra"]
[Source "ChessBase"]
[SourceDate "2012.08.24"]
[SourceVersion "1"]
[SourceVersionDate "2012.08.24"]
[SourceQuality "1"]

1. e4 d6 2. d4 Nf6 3. Nc3 c6 4. Be3 Qc7 5. Nge2 e5 6. Ng3 Be6 7. Be2 a6 8. Qd2 Be7 9. f3 0-0 10. 0-0-0 exd4 11. Bxd4 Nbd7 12. Nf5 Bxf5 13. exf5 b5 14. g4 b4 15. Nb1 Qa5 16. g5 Nd5 17. Bc4 N5b6 18. Bb3 Qxf5 19. Bxb6 Nxb6 20. Qxb4 Bxg5+ 21. Nd2 Nd5 22. Qd4 Ne3 23. Rde1 Rfe8 24. Kb1 c5 25. Qa4 d5 26. h4 Bf4 27. Qc6 c4 28. Ba4 Rec8 29. Qb7 Rab8 30. Qd7 Qf6 31. b3 Rc7 32. Qh3 Qc3 0-1

[Event "Karl Mala Memorial op 15th"]
[Site "Frankfurt"]
[Date "2012.07.08"]
[Round "6"]
[White "Rothermel, Henrik"]
[Black "Polak, Elias"]
[Result "0-1"]
[WhiteElo "1003"]
[BlackElo "1868"]
[PlyCount "74"]
[EventDate "2012.07.05"]
[EventType "swiss"]
[EventRounds "7"]
[EventCountry "GER"]
[SourceTitle "CBM 149 Extra"]
[Source "ChessBase"]
[SourceDate "2012.08.24"]
[SourceVersion "1"]
[SourceVersionDate "2012.08.24"]
[SourceQuality "1"]

1. e4 e5 2. Nf3 Nf6 3. Nc3 Bb4 4. d3 d5 5. a3 Bxc3+ 6. bxc3 dxe4 7. Nxe5 0-0 8. Bb2 exd3 9. Bxd3 Re8 10. c4 Nc6 11. f4 Ng4 12. 0-0 Ncxe5 13. fxe5 Qh4 14. h3 Ne3 15. Qf3 Nxf1 16. Rxf1 Be6 17. Be4 c6 18. Bf5 Bxf5 19. Qxf5 Qe7 20. Qg4 Qe6 21. Rf3 Qxg4 22. hxg4 Rad8 23. g5 Rd2 24. e6 fxe6 25. g6 hxg6 26. Bc3 Rxc2 27. Bd4 Rxc4 28. Bxa7 e5 29. g3 e4 30. Rb3 b5 31. Kf2 c5 32. Rxb5 e3+ 33. Ke2 Rc2+ 34. Kd1 e2+ 35. Kxc2 e1Q 36. Bxc5 Qe2+ 37. Kc1 Qxb5 0-1

[Event "Karl Mala Memorial op 15th"]
[Site "Frankfurt"]
[Date "2012.07.07"]
[Round "4"]
[White "Karsay, Pascal"]
[Black "Polak, Elias"]
[Result "1-0"]
[WhiteElo "1402"]
[BlackElo "1868"]
[PlyCount "47"]
[EventDate "2012.07.05"]
[EventType "swiss"]
[EventRounds "7"]
[EventCountry "GER"]
[SourceTitle "CBM 149 Extra"]
[Source "ChessBase"]
[SourceDate "2012.08.24"]
[SourceVersion "1"]
[SourceVersionDate "2012.08.24"]
[SourceQuality "1"]

1. d4 Nf6 2. c4 e5 3. dxe5 Ng4 4. Nf3 Bc5 5. e3 Nc6 6. Nc3 Ngxe5 7. Nxe5 Nxe5 8. Be2 0-0 9. 0-0 d6 10. b3 Bd7 11. Bb2 Bc6 12. a3 a5 13. Nd5 Re8 14. Bc3 Bxd5 15. Qxd5 c6 16. Qd2 Qh4 17. Bd4 Re6 18. b4 Rg6 19. Bxe5 dxe5 20. Kh1 axb4 21. axb4 Rxa1 22. Rxa1 Qxf2 23. Ra8+ Bf8 24. Rxf8+ 1-0

[Event "Karl Mala Memorial op 15th"]
[Site "Frankfurt"]
[Date "2012.07.07"]
[Round "5"]
[White "Polak, Elias"]
[Black "Droeser, Wolfgang"]
[Result "1-0"]
[WhiteElo "1868"]
[BlackElo "1178"]
[PlyCount "61"]
[EventDate "2012.07.05"]
[EventType "swiss"]
[EventRounds "7"]
[EventCountry "GER"]
[SourceTitle "CBM 149 Extra"]
[Source "ChessBase"]
[SourceDate "2012.08.24"]
[SourceVersion "1"]
[SourceVersionDate "2012.08.24"]
[SourceQuality "1"]

1. e4 d6 2. d4 g6 3. Nc3 Bg7 4. Be3 c6 5. Qd2 Qc7 6. Nge2 a6 7. Ng3 Nf6 8. f3 0-0 9. 0-0-0 Nbd7 10. h4 Kh8 11. h5 Ng8 12. f4 h6 13. hxg6 fxg6 14. f5 g5 15. Bxg5 Kh7 16. Bc4 d5 17. Bf4 e5 18. fxe6 Rxf4 19. exd7 Bxd7 20. e5 Raf8 21. Bd3+ Kh8 22. Nce2 Rf2 23. Qg5 Be8 24. Nf5 R8xf5 25. Bxf5 Rxe2 26. Rdf1 c5 27. Bd3 Rxc2+ 28. Bxc2 cxd4 29. Kb1 Qb6 30. Qf5 Ne7 31. Qh7# 1-0

[Event "Karl Mala Memorial op 14th"]
[Site "Frankfurt"]
[Date "2011.07.10"]
[Round "7"]
[White "Thoene, Ruediger"]
[Black "Polak, Elias"]
[Result "1/2-1/2"]
[WhiteElo "1911"]
[BlackElo "1879"]
[PlyCount "25"]
[EventDate "2011.07.07"]
[EventType "swiss"]
[EventRounds "7"]
[EventCountry "GER"]
[SourceTitle "EXT 2012"]
[Source "ChessBase"]
[SourceDate "2011.11.24"]
[SourceVersion "1"]
[SourceVersionDate "2011.11.24"]
[SourceQuality "1"]

1. c4 Nf6 2. b3 e6 3. Nf3 b6 4. e3 Bb7 5. Bb2 Be7 6. Qc2 c5 7. Be2 Nc6 8. a3 0-0 9. d3 d5 10. Nbd2 Qc7 11. Rc1 Rac8 12. h3 Rfd8 13. Qb1 1/2-1/2

[Event "Karl Mala Memorial op 13th"]
[Site "Frankfurt"]
[Date "2010.07.11"]
[Round "7"]
[White "Neitzert, Volker"]
[Black "Polak, Elias"]
[Result "1/2-1/2"]
[WhiteElo "1759"]
[BlackElo "1884"]
[PlyCount "84"]
[EventDate "2010.07.08"]
[EventType "swiss"]
[EventRounds "7"]
[EventCountry "GER"]
[SourceTitle "EXT 2012"]
[Source "ChessBase"]
[SourceDate "2011.11.24"]
[SourceVersion "1"]
[SourceVersionDate "2011.11.24"]
[SourceQuality "1"]

1. e4 e5 2. Nf3 Nf6 3. Nxe5 d6 4. Nf3 Nxe4 5. d4 d5 6. Bd3 Bd6 7. 0-0 0-0 8. c4 c6 9. h3 Nd7 10. Nc3 Ndf6 11. cxd5 Nxc3 12. bxc3 Nxd5 13. Qc2 h6 14. Bd2 Nf4 15. Bxf4 Bxf4 16. Rfe1 Qf6 17. Re2 Bd6 18. Ne5 c5 19. Rae1 cxd4 20. cxd4 Be6 21. Re3 Rac8 22. Qe2 Rfd8 23. Rf3 Qh4 24. Be4 Bb4 25. Rd1 Rc7 26. d5 Bc8 27. Rd4 Rc1+ 28. Kh2 Qe7 29. Nd3 g6 30. Nxc1 Qe5+ 31. g3 Qxd4 32. Nb3 Qe5 33. Re3 Qd6 34. Bg2 Bd7 35. Qc4 Rc8 36. Qe2 a6 37. Qd1 Ba4 38. Qe2 Bb5 39. Qd1 a5 40. a3 Bxa3 41. Nxa5 Qb4 42. Qb3 Qxa5 1/2-1/2

[Event "Karl Mala Memorial op 11th"]
[Site "Frankfurt"]
[Date "2008.06.27"]
[Round "2"]
[White "Nahler, Michael"]
[Black "Polak, Elias"]
[Result "0-1"]
[WhiteElo "1847"]
[BlackElo "1435"]
[PlyCount "64"]
[EventDate "2008.06.26"]
[EventType "swiss"]
[EventRounds "7"]
[EventCountry "GER"]
[SourceTitle "CBM 125 Extra"]
[Source "ChessBase"]
[SourceDate "2008.09.01"]
[SourceVersion "1"]
[SourceVersionDate "2008.09.01"]
[SourceQuality "1"]

1. e4 e5 2. Nf3 Nf6 3. Nxe5 d6 4. Nf3 Nxe4 5. d4 Bg4 6. Bd3 d5 7. 0-0 Be7 8. c4 c6 9. Nc3 Nxc3 10. bxc3 dxc4 11. Bxc4 0-0 12. Bf4 Nd7 13. Qd3 b5 14. Bb3 Nc5 15. Qe3 Nxb3 16. axb3 Re8 17. Ne5 Bf6 18. Qg3 Bd7 19. Qf3 Qc8 20. h3 a5 21. Rfe1 Be7 22. Re2 c5 23. d5 b4 24. c4 a4 25. Nxd7 Qxd7 26. bxa4 Rxa4 27. Rea2 Rxa2 28. Rxa2 Bf6 29. Be3 b3 30. Ra3 b2 31. Qd1 Qb7 32. Qb3 b1Q+ 0-1

[Event "Karl Mala Memorial op 11th"]
[Site "Frankfurt"]
[Date "2008.06.27"]
[Round "3"]
[White "Polak, Elias"]
[Black "Auschkalnis, Reinhard"]
[Result "1-0"]
[WhiteElo "1435"]
[BlackElo "1888"]
[PlyCount "111"]
[EventDate "2008.06.26"]
[EventType "swiss"]
[EventRounds "7"]
[EventCountry "GER"]
[SourceTitle "CBM 125 Extra"]
[Source "ChessBase"]
[SourceDate "2008.09.01"]
[SourceVersion "1"]
[SourceVersionDate "2008.09.01"]
[SourceQuality "1"]

1. e4 c5 2. Nc3 Nc6 3. Nf3 d6 4. h3 g6 5. Bc4 Bg7 6. d3 Nf6 7. 0-0 0-0 8. Re1 Nd7 9. Bg5 h6 10. Bh4 g5 11. Bg3 e5 12. Nd5 Nb6 13. Bb3 Na5 14. c3 Nxb3 15. Qxb3 Nxd5 16. Qxd5 Qb6 17. Qb3 Qxb3 18. axb3 Be6 19. Nd2 Rfd8 20. f3 a5 21. Nc4 Bxc4 22. bxc4 b6 23. Reb1 Kh7 24. b4 axb4 25. Rxa8 Rxa8 26. cxb4 Ra3 27. bxc5 bxc5 28. Rd1 Kg6 29. Kf1 Bf6 30. Be1 Bd8 31. Ke2 Kf6 32. Rd2 Ba5 33. Rb2 Bxe1 34. Kxe1 Rxd3 35. Rd2 Rxd2 36. Kxd2 Kg6 37. g4 Kf6 38. Kc3 Ke6 39. Kb3 Kd7 40. Ka4 Kc6 41. Ka5 Kd7 42. Kb6 Ke6 43. Kc6 Ke7 44. Kc7 f6 45. Kb6 Kd7 46. Kb7 Kd8 47. Kc6 Ke7 48. Kc7 Ke6 49. Kd8 d5 50. exd5+ Kf7 51. d6 f5 52. gxf5 h5 53. d7 g4 54. hxg4 hxg4 55. fxg4 e4 56. Kc7 1-0